LEADER 03054nam 2200601 450 001 9910460348003321 005 20200520144314.0 010 $a1-4438-6180-4 035 $a(CKB)3710000000230418 035 $a(EBL)1780043 035 $a(SSID)ssj0001412129 035 $a(PQKBManifestationID)11898482 035 $a(PQKBTitleCode)TC0001412129 035 $a(PQKBWorkID)11406480 035 $a(PQKB)11402746 035 $a(MiAaPQ)EBC1780043 035 $a(Au-PeEL)EBL1780043 035 $a(CaPaEBR)ebr10928497 035 $a(CaONFJC)MIL640974 035 $a(OCoLC)890530413 035 $a(EXLCZ)993710000000230418 100 $a20140917h20142014 uy 0 101 0 $aeng 135 $aur|n|---||||| 181 $ctxt 182 $cc 183 $acr 200 00$aLanguage teaching and learning $enew dimensions and interventions /$fedited by Ambigapathy Pandian [and five others] 210 1$aNewcastle upon Tyne, England :$cCambridge Scholars Publishing,$d2014. 210 4$dİ2014 215 $a1 online resource (381 p.) 300 $aDescription based upon print version of record. 311 $a1-322-09723-2 311 $a1-4438-5980-X 320 $aIncludes bibliographical references at the end of each chapters. 327 $aTABLE OF CONTENTS; PREFACE; PART I; CHAPTER I; CHAPTER II; CHAPTER III; CHAPTER IV; CHAPTER V; CHAPTER VI; CHAPTER VII; PART II; CHAPTER VIII; CHAPTER IX; CHAPTER X; CHAPTER XI; CHAPTER XII; CHAPTER XIII; CHAPTER XIV; CHAPTER XV; PART III; CHAPTER XVI; CHAPTER XVII; CHAPTER XVIII; CHAPTER XIX; PART IV; CHAPTER XX; CHAPTER XXI; CHAPTER XXII; CHAPTER XXIII; CHAPTER XXIV; ABOUT THE AUTHORS 330 $aIn every discussion on the role that language plays in our lives, every orator - from prominent politicians and corporate figures to linguists, educational experts, and others - concedes that language is important in all spheres of life. Language is both personal and introspective, as well as public and communal. Without it, we would not be able to communicate and articulate our thoughts and feelings to ourselves, to those in our inner circles, and to those in the world at large. Without it, we would not be able to establish partnerships and collaborations, and to unite peoples of diverse back 606 $aLanguage and languages$xStudy and teaching$xTechnological innovations 606 $aLanguage and languages$xStudy and teaching$xComputer network resources 606 $aLanguage and languages$xComputer-assisted instruction 608 $aElectronic books. 615 0$aLanguage and languages$xStudy and teaching$xTechnological innovations. 615 0$aLanguage and languages$xStudy and teaching$xComputer network resources. 615 0$aLanguage and languages$xComputer-assisted instruction. 676 $a418.0078 702 $aPandian$b Ambigapathy 801 0$bMiAaPQ 801 1$bMiAaPQ 801 2$bMiAaPQ 906 $aBOOK 912 $a9910460348003321 996 $aLanguage teaching and learning$92238662 997 $aUNINA LEADER 01808nam0 22003611i 450 001 UON00300204 005 20231205104000.635 010 $a978-95-16-53345-5$bvol.1 010 $a978-95-16-53346-2$bvol.2 100 $a20070905d2007 |0itac50 ba 101 $amul$aENG$aITA 102 $aFI 105 $a|||| ||||| 200 1 $aProceedings of the 24th International Congress of Papyrology$eHelsinki, 1-7 August, 2004$fed. by Jaakko Frosen$bet al.] 210 $aHelsinki$cSocietas Scientiarum Fennica$d2007 215 $a2 v., ill.$d25 cm 311 $a1-2$9UON00087444 316 $aCentre d'Echange de Publications Scientifiques$5IT-UONSI Q 6001122.1/2007 316 $aCentre d'Echange de Publications Scientifiques Helsinki, Finland$5IT-UONSI Q 6001122.2/2007 410 0$1001UON00087444$12001 $aCommentationes Humanarum Litterarum$v122 1-2 606 $aPAPIROLOGIA$3UONC026604$2FI 620 $aFI$dHelsinki$3UONL000062 676 $a480$cLingua greca / Filologia classica$v21 702 1$aFROSEN$bJaakko$3UONV057561 702 1$aPUROLA$bTiina$3UONV172719 702 1$aSALMENKIVI$bErja$3UONV094653 712 $aSocietas Scientiarum Fennica$3UONV025413$4650 801 $aIT$bSOL$c20240220$gRICA 912 $aUON00300204 950 $aSIBA - SISTEMA BIBLIOTECARIO DI ATENEO$dSI Q 6 001 122.1 2007 $eSI MC 31349 5 2007 Centre d'Echange de Publications Scientifiques 950 $aSIBA - SISTEMA BIBLIOTECARIO DI ATENEO$dSI Q 6 001 122.2 2007 $eSI MC 31357 5 2007 Centre d'Echange de Publications Scientifiques Helsinki, Finland 996 $aProceedings of the 24th International Congress of Papyrology$91381085 997 $aUNIOR